Rozpočtové pravidlá SR
Úplné znenie: 1. Zákona NR SR zo 17. nov. 1992 č.567/1992 Zb. o rozpočtových pravidlách Slovenskej republiky v znení zákona NR SR č.159/1993 Z.z. a zákona č.325/1993 Z.z. a 2. Vyhlášky MF SR zo 16. dec. 1992 č.638/1992 Zb. o hospodárení s prostriedkami štátneho rozpočtu SR a o hospodárení rozpočtový...
Salvato in:
| Natura: | Capitolo di libro |
|---|---|
| Lingua: | slovacco |
| Soggetti: | |
| Tags: |
Nessun Tag, puoi essere il primo ad aggiungerne!!
|
MARC
| LEADER | 00000naa a2200000 4500 | ||
|---|---|---|---|
| 001 | r024320 | ||
| 005 | 20221213113804.8 | ||
| 041 | 0 | |a slo | |
| 044 | |a SK | ||
| 245 | 1 | 0 | |a Rozpočtové pravidlá SR |
| 520 | |a Úplné znenie: 1. Zákona NR SR zo 17. nov. 1992 č.567/1992 Zb. o rozpočtových pravidlách Slovenskej republiky v znení zákona NR SR č.159/1993 Z.z. a zákona č.325/1993 Z.z. a 2. Vyhlášky MF SR zo 16. dec. 1992 č.638/1992 Zb. o hospodárení s prostriedkami štátneho rozpočtu SR a o hospodárení rozpočtových a príspevkových organizácií. | ||
| 610 | 2 | 0 | |a rozpočet štátny |
| 610 | 2 | 0 | |a Slovensko |
| 610 | 2 | 0 | |a zákony |
| 610 | 2 | 0 | |a 1992 |
| 610 | 2 | 0 | |a 1993 |
| 610 | 2 | 0 | |a organizácie rozpočtové |
| 610 | 2 | 0 | |a organizácie príspevkové |
| 610 | 2 | 0 | |a vyhlášky |